00509nam a22001457a 4500020001800000082001700018100003900035245004800074260006600122300000800188650002600196942000700222952011700229999001700346 a9789380359403 a299.3923 LIB aLibrary Of Tibetan Works &Archives aSpeeches of His Holiness the XIV Dalai Lama adharamshala, IndiabLibrary of tibetan Works & Archivesc2011 a268 aDalailama- Philosophy cBK 00104070aHMIbHMIcGENd2015-09-14g330.00l2m1o299.3923 LIBp24929r2016-10-03s2016-04-06w2026-01-16yBK c19731d19731